| Tag |
First Indicator |
Second Indicator |
Subfields |
| LEADER |
00000cam a22000001a 4500 |
| 001 |
in00003206313 |
| 006 |
m d f |
| 007 |
cr bn mmmapmmp |
| 008 |
090623s1962 dcu o f000 0 eng d |
| 005 |
20260504170440.7 |
| 035 |
|
|
|a cis2007429405
|
| 040 |
|
|
|a UMI
|c UMI
|d UtOrBLW
|
| 043 |
|
|
|a n-us---
|
| 086 |
0 |
|
|a Y 4.J 89/2:D 84/2/pt.6
|
| 099 |
|
|
|a HRG-1962-SJS-0006
|
| 110 |
1 |
|
|a United States.
|b Congress.
|b Senate.
|b Committee on the Judiciary.
|b Subcommittee on Antitrust and Monopoly.
|
| 245 |
1 |
0 |
|a Drug Industry Antitrust Act.
|n Part 6,
|p Advertising Provisions :
|b hearings before the United States Senate Committee on the Judiciary, Subcommittee on Antitrust and Monopoly, Eighty-Seventh Congress, second session, on Jan. 30, 31, Feb. 1, 6, 7, 1962.
|
| 264 |
|
1 |
|a Washington :
|b U.S. G.P.O.,
|c 1962.
|
| 300 |
|
|
|a 1 online resource.
|
| 336 |
|
|
|a text
|b txt
|2 rdacontent
|
| 337 |
|
|
|a computer
|b c
|2 rdamedia
|
| 338 |
|
|
|a online resource
|b cr
|2 rdacarrier
|
| 500 |
|
|
|a Record is based on bibliographic data in ProQuest Congressional Hearings Digital Collection. Reuse except for individual research requires license from ProQuest, LLC.
|
| 520 |
|
|
|a Considers (87) S. 1552.
|
| 538 |
|
|
|a System requirements: PDF reader software.
|
| 500 |
|
|
|a Electronic resource.
|
| 650 |
|
0 |
|a Antitrust law
|z United States.
|
| 650 |
|
0 |
|a Drugs
|x Law and legislation
|z United States.
|
| 650 |
|
0 |
|a Pharmacy
|x Law and legislation
|z United States.
|
| 655 |
|
7 |
|a Electronic books.
|2 local
|
| 710 |
2 |
|
|a ProQuest (Firm)
|
| 776 |
0 |
8 |
|i Print version:
|a United States. Congress. Senate. Committee on the Judiciary. Subcommittee on Antitrust and Monopoly.
|t Drug Industry Antitrust Act
|
| 776 |
0 |
8 |
|i Microfiche version:
|a United States. Congress. Senate. Committee on the Judiciary. Subcommittee on Antitrust and Monopoly.
|t Drug Industry Antitrust Act.
|d [Bethesda, Md.] : ProQuest,[2004]
|o CIS Hrgs MF Gp 3--(87) S1494-2-C
|w (ProQuest)cis10703448
|
| 830 |
|
0 |
|a U.S. Congressional Hearings.
|
| 856 |
4 |
0 |
|u http://proxy.library.tamu.edu/login?url=https://congressional.proquest.com/congcomp/getdoc?HEARING-ID=HRG-1962-SJS-0006
|z Connect to the full text of this electronic book
|t 0
|
| 998 |
|
|
|a cis10703448
|
| 999 |
|
|
|a MARS
|
| 999 |
f |
f |
|s e09b2909-0fe8-3780-99a6-26d880141cea
|i 35b873d3-53e9-3035-a3b2-2b0f2c489e0c
|t 0
|
| 952 |
f |
f |
|a Texas A&M University
|b College Station
|c Electronic Resources
|s www_evans
|d Available Online
|t 0
|e HRG-1962-SJS-0006
|h Other scheme
|
| 998 |
f |
f |
|a HRG-1962-SJS-0006
|t 0
|l Available Online
|